Second sight [large print] / by Amanda Quick.
Record details
- ISBN: 1597222321
- Physical Description: 485 pages (large print) ; 23 cm.
- Edition: Large print edition
- Publisher: Waterville, Me. : Wheeler Pub., 2006.
Search for related items by subject
| Subject: | Women photographers > Fiction. Psychic ability > Fiction. Large type books. |
Available copies
- 1 of 1 copy available at scottsboropl.
Holds
- 0 current holds with 1 total copy.
Show Only Available Copies
| Location | Call Number / Copy Notes | Barcode | Shelving Location | Status | Due Date |
|---|---|---|---|---|---|
| scottsboropl | F Qui | 32269000755440 | Adult - Fiction | Available | - |
| LDR | 00815cam a2200265 a 4500 | ||
|---|---|---|---|
| 001 | 128605 | ||
| 003 | CONS | ||
| 005 | 20140703073304.0 | ||
| 008 | 060208s2006 meu d 000 1 eng | ||
| 010 | . | ‡a2006004437 | |
| 020 | . | ‡a1597222321 | |
| 024 | 8 | . | ‡z9781597222327 |
| 035 | . | ‡a(CPomAG)LMN497737 | |
| 082 | 0 | 0. | ‡a813/.54 ‡222 |
| 100 | 1 | . | ‡aQuick, Amanda. |
| 245 | 1 | 0. | ‡aSecond sight ‡h[large print] / ‡cby Amanda Quick. |
| 250 | . | ‡aLarge print edition | |
| 260 | . | ‡aWaterville, Me. : ‡bWheeler Pub., ‡c2006. | |
| 300 | . | ‡a485 pages (large print) ; ‡c23 cm. | |
| 650 | 0. | ‡aWomen photographers ‡vFiction. | |
| 650 | 0. | ‡aPsychic ability ‡vFiction. | |
| 650 | 0. | ‡aLarge type books. | |
| 914 | . | ‡aSCP_ng | |
| 959 | . | ‡i32269000755440 ‡lF Qui ‡aAdult - Fiction ‡tFiction ‡g30.00 | |
| 852 | . | ‡p32269000755440 ‡jF Qui ‡gAdult - Fiction ‡cFiction ‡y30.00 ‡bSBPL | |
| 901 | . | ‡a128605 ‡bUnknown ‡c128605 ‡tbiblio | |